| 000 | 01712nam a2200229 a 4500 | ||
|---|---|---|---|
| 001 | 000032881 | ||
| 003 | OSt | ||
| 005 | 20240409073643.0 | ||
| 008 | 110801t1956 dr 001 0bspa d | ||
| 040 |
_aDO-SdBNP _bspa _cBNPHU |
||
| 049 | _aBNPD | ||
| 082 | 7 | 4 |
_a923.17293 _bT866g _222 |
| 100 | 1 |
_aGonzález Herrera, Julio, _d1902- _958655 |
|
| 245 | 1 | 0 |
_aTrujillo genio político / _cJulio González Herrera. |
| 260 |
_aCiudad Trujillo, República Dominicana : _bEditora del Caribe, _c1956. |
||
| 300 |
_a361 p. ; _c23 cm. |
||
| 505 | 0 |
_tPensamiento de Trujillo -- _tAcción de Trujillo -- _tNuestro confuso pasado histórico -- _tEl Jefe llega y el orden sucede al desorden -- _tIndependencia financiera -- _tNuevos regímenes financiero y fiscal -- _tOrganización política y administrativa -- _tEl Partido Dominicano -- _tSistema educativo racional -- _tFuerzas Armadas de la República Dominicana -- _tModernos servicios de sanidad y de asistencia social -- _tImplantación del moderno Derecho del Trabajo -- _tProsperidad agrícola y bienestar económico -- _tPersonalidad jurídica internacional de la República Dominicana -- _tDoctrina Trujillo sobre la intervención a distancia -- _tLa frontera inmutable -- _tExaltecimiento de la Hispanidad -- _tEl concordato -Trujillo, líder católico y anticomunista -- _tEl Maestro y el Discípulo -- _tLa Feria de la Paz y Confraternidad del Mundo Libre -- _tTrascendental discurso de inauguración del Generalísimo Trujillo. |
|
| 600 | 1 | 0 |
_aMolina Trujillo,Rafael Leónidas, _d1891-1961 _xPensamiento político _958656 |
| 651 | 4 |
_aRepública Dominicana _xPolítica Y Gobierno _yERA DE TRUJILLO, 1930-1961 _91374 |
|
| 910 | _aValidado. Control de calidad EMS. | ||
| 942 |
_2ddc _cLBS1 |
||
| 999 |
_c32372 _d32372 |
||